Zmagania z historia̜

Titel: Zmagania z historia̜ : życie i twórczość Józefa Mackiewicza i Barbary Toporskiej ; materiały z konferencji w Muzeum Polskim w Rapperswilu z cyklu "Duchowe źródła nowej Europy", Zamek Rapperswil, 26 - 28 września 2006 r. / pod red. Niny Kozłowskiej ...
Beteiligt:
Veröffentlicht: Warszawa : Instytut Pamie̜ci Narodowej, 2011
Umfang: 310 S. : Ill.
Format: Buch
Sprache: Polnisch
ISBN: 9788376292724
Buchumschlag
X
Lokale Klassifikation: 2 M 1344 ; 2 T 591
alg: 27849951
001A    $03004:24-10-11 
001B    $01999:22-11-16 $t01:19:23.000 
001C    $03019:29-10-12 $t12:36:00.000 
001D    $03004:30-01-12 
001U    $0utf8 
001X    $00 
002@    $0Aau 
003@    $0278499511 
003O    $0758360071 $aOCoLC 
004A    $A978-83-7629-272-4 
007A    $0278499511 $aHEB 
007G    $0DE020C69E8A4E2EED3469C125799D003630E9 
007T    $0Herdhh278499511 
009P    $qapplication/pdf $A2 $3Inhaltsverzeichnis $uhttp://scans.hebis.de/HEBCGI/show.pl?27849951_toc.pdf $mV:DE-603;B:DE-Mb50 
010@    $apol 
011@    $a2011 
021A    $aZmagania z historia̜ $dżycie i twórczość Józefa Mackiewicza i Barbary Toporskiej ; materiały z konferencji w Muzeum Polskim w Rapperswilu z cyklu "Duchowe źródła nowej Europy", Zamek Rapperswil, 26 - 28 września 2006 r. $hpod red. Niny Kozłowskiej ... 
028C    $BRed. $#Kozłowska, Nina $7109881559 $8Kozlowski, Nina$Z1947- [Tp3] $9144537427 
033A    $pWarszawa $nInstytut Pamie̜ci Narodowej 
034D    $a310 S. 
034M    $aIll. 

lok: 27849951 24
101B    $030-01-12 $t08:47:23.000 
101C    $030-01-12 
101U    $0utf8 
145Z/01 $a2 M 1344 
145Z/02 $a2 T 591 

exp: 27849951 24 1 #EPN
201B/01 $030-01-12 $t08:47:23.000 
201C/01 $002-11-10 
201U/01 $0utf8 
203@/01 $0601091159 
208@/01 $a30-01-12 $bz 
209A/01 $a12.00336 $du $f050 $h12 00336 $x00 
209C/01 $a12.00336 K $h12 00336 K 
209G/01 $a72920600 $x00 
220C/01 $anie 
244Z/01 $#Mackiewicz, Josef $#Mackevič, Juzef $#Mackevič, Iosif $7119037238 $8--Tp1--Mackiewicz, Józef$Z1902-1985 $x01 $9087377497 
244Z/01 $#Mackiewiczowa, Barbara $#Mackiewicz, Barbara $#Mackiewicz-Toporska, Barbara $#Toporska-Mackiewicz, Barbara $#Toporska, Basia $#Toporska, Barbara Aldona $#Mackiewicz, Barbara Aldona $7103459405 $8--Tp1--Toporska, Barbara$Z1913-1985 $x02 $9138858470 
247C/01 $8358050-7 Marburg, Bibliothek des Herder-Instituts Marburg $9102600961 

lok: 27849951 66

exp: 27849951 66 1 #EPN
201B/01 $029-10-12 $t12:36:00.000 
201C/01 $029-10-12 
201U/01 $0utf8 
203@/01 $0652044395 
208@/01 $a29-10-12 $bz 
209A/01 $aD 3 Mac/K $du $f000 $x00 
209C/01 $a12/j1112 
247C/01 $8618123-5 Darmstadt, Bibliothek des Deutschen Polen-Instituts $9102600902 

lok: 27849951 78

exp: 27849951 78 1 #EPN
201B/01 $019-04-17 $t22:01:41.000 
201U/01 $0utf8 
203@/01 $0793844819 
208@/01 $a12-11-16 $be 
209A/01 $a/ $f000 $x00 
247C/01 $82080>Marburg/Lahn, Herder-Institut, Forschungsbibliothek, Bibliographieportal $9336309341
LEADER 00000cam a2200000 c 4500
001 278499511
003 DE-603
005 20161122011923.0
007 tu
008 111024s2011 xx |||| | u00||u|pol c
020 |a 9788376292724 
035 |a (DE-599)HEB278499511 
035 |a (OCoLC)758360071 
040 |a DE-603  |b ger  |c DE-603  |d DE-603 
041 |a pol 
245 0 0 |a Zmagania z historia̜  |b życie i twórczość Józefa Mackiewicza i Barbary Toporskiej ; materiały z konferencji w Muzeum Polskim w Rapperswilu z cyklu "Duchowe źródła nowej Europy", Zamek Rapperswil, 26 - 28 września 2006 r.  |c pod red. Niny Kozłowskiej ... 
264 1 |a Warszawa  |b Instytut Pamie̜ci Narodowej  |c 2011 
300 |a 310 S.  |b Ill. 
700 1 |a Kozlowski, Nina  |d 1947-  |e Red.  |4 red  |0 (DE-603)144537427  |0 (DE-588)109881559  |2 gnd 
856 4 2 |m V:DE-603;B:DE-Mb50  |q application/pdf  |u http://scans.hebis.de/HEBCGI/show.pl?27849951_toc.pdf  |3 Inhaltsverzeichnis 
924 0 |9 Mb 50  |a (DE-603)601091159  |b DE-Mb50  |c HES  |d c  |g 12.00336 
924 0 |9 Ds 123  |a (DE-603)652044395  |b DE-Ds123  |c HES  |d d  |g D 3 Mac/K 
924 0 |9 2080  |a (DE-603)793844819  |b DE-2080  |c HES  |d d  |g /